MARC

LEADER 00000nam0a2200000 4500
001 101826
005 20231031112746.0
035 |a (RuTPU)RU\TPU\book\109806 
090 |a 101826 
100 |a 20060918d1969 m y0rusy50 ca 
101 0 |a rus 
102 |a RU 
105 |a a j 000zy 
200 1 |a Одноковшовые экскаваторы  |e учебник  |f Г. П. Егурнов, А. К. Рейш 
205 |a 4-е изд., перераб. и доп. 
210 |a Москва  |c Недра  |d 1969 
215 |a 472 с.  |c ил. 
610 1 |a экскаваторы 
610 1 |a экскаваторные работы 
610 1 |a одноковшовые экскаваторы 
610 1 |a конструкции 
610 1 |a вскрышные экскаваторы 
610 1 |a электрооборудование 
610 1 |a управление 
610 1 |a техническое обслуживание 
610 1 |a монтаж 
610 1 |a ремонт 
610 1 |a учебники 
675 |a 621.879(075.3)  |v 3 
700 1 |a Егурнов  |b Г. П.  |g Григорий Павлович 
701 1 |a Рейш  |b А. К.  |g Арвид Карлович 
801 1 |a RU  |b 63413507  |c 20060918  |g PSBO 
801 2 |a RU  |b 63413507  |c 20070226  |g PSBO 
942 |c BK